Les pokémons légendaires et fabuleux de la 1ère à la 9ème génération - Statistiques

Statistiques générales
  • Ce quiz a été pris 19 fois
  • Le résultat moyen est 52 sur 94
Statistiques - réponses
Numéro Pokémon % Correct
151 Mew
94%
150 Mewtwo
94%
144 Artikodin
88%
146 Sulfura
88%
483 Dialga
81%
145 Électhor
81%
244 Entei
81%
383 Groudon
81%
380 Latias
81%
381 Latios
81%
484 Palkia
81%
384 Rayquaza
81%
492 Arceus
75%
250 Ho-oh
75%
382 Kyogre
75%
249 Lugia
75%
243 Raikou
75%
643 Reshiram
75%
245 Suicune
75%
251 Celebi
69%
480 Créhelf
69%
487 Giratina
69%
485 Heatran
69%
646 Kyurem
69%
792 Lunala
69%
791 Solgaleo
69%
888 Zacian
69%
889 Zamazenta
69%
644 Zekrom
69%
482 Créfadet
63%
481 Créfollet
63%
491 Darkrai
63%
386 Deoxys
63%
489 Phione
63%
377 Regirock
63%
379 Registeel
63%
494 Victini
63%
640 Viridium
63%
718 Zygarde
63%
641 Boréas
56%
645 Démétéros
56%
720 Hoopa
56%
385 Jirachi
56%
490 Manaphy
56%
378 Regice
56%
486 Regigigas
56%
493 Shaymin
56%
716 Xerneas
56%
638 Cobaltium
50%
488 Cresselia
50%
719 Diancie
50%
642 Fulguris
50%
647 Keldeo
50%
1007 Koraidon
50%
801 Magearna
50%
1008 Miraidon
50%
800 Necrozma
50%
639 Terrakium
50%
788 Tokopisco
50%
787 Tokotoro
50%
721 Volcanion
50%
717 Yveltal
50%
896 Blizzeval
44%
789 Cosmog
44%
890 Éthernatos
44%
809 Melmetal
44%
1017 Ogerpon
44%
895 Regidrago
44%
894 Regieleki
44%
892 Shifours
44%
786 Tokopiyon
44%
785 Tokorico
44%
807 Zeraora
44%
1002 Baojian
38%
1001 Chongjian
38%
790 Cosmovum
38%
1003 Dinglu
38%
1014 Félicanis
38%
649 Genesect
38%
648 Méloetta
38%
808 Meltan
38%
1025 Pêchaminus
38%
773 Silvallié
38%
897 Spectreval
38%
1024 Terrapagos
38%
772 Type : 0
38%
891 Wushours
38%
1004 Yuyu
38%
893 Zarude
38%
802 Marshadow
31%
898 Sylveroi
31%
905 Amovénus
25%
1016 Faviamos
0%
1015 Fortuisma
0%
Aucun quiz correspondant
Distribution des résultats
% des personnes avec chaque résultat
Percentile par nombre de réponses
Votre historique - résultats
Vous n’avez pas pris ce quiz